000 02252nkc a2200349za 4500
001 84438
003 OSt
005 20260317164646.0
007 kh boc
008 250409s1878 sp ||||| |||| 00| i|spa d
040 _aM-RABA
_bspa
_cM-RABA
100 1 _aElorza, Lorenzo
_d(1861-1931)
_9111068
245 1 0 _aEstíbaliz
_b: El santuario de Nuestra Señora en 1878
_c/ L. E.
260 _c [1878]
300 _a1 fotografía
_b: gelatina de plata
_c; imagen 16,5 x 12 cm
_c; soporte secundario 26,5 x 21,5 cm
500 _aVista general desde el sur del santuario de Nuestra Señora de Estíbaliz en el año 1878, donde figura la fachada principal compuesta por la portada, ventanal y doble espadaña.
500 _aFotografía montada sobre soporte secundario de cartulina azul enmarcada con orla en relieve. Título y numeración manuscrita que hace referencia a la posición en la serie “59”.
500 _aSello con monograma del fotógrafo en tinta roja “L.E.”
500 _aForma parte de un conjunto de 167 fotografías empleadas por Federico Baráibar Zumárraga para la elaboración del Inventario del Románico en Álava (1911).
504 _aBaraibar, F.: "Rincones artísticos", M. 1914.
505 _aEstibariz.- El Santuario de Ntra. Sra. en 1878 / L. E.
510 _aDescripción tomada de: Soto Madrazo, Javier (2008). Federico Baraibar y el Inventario del Románico en Álava: una caja con 167 fotografías.
510 _aEsta colección fue utilizada posteriormente por Cristóbal de Castro para la elaboración y publicación del "Catálogo Monumental de España: provincia de Álava", Madrid, S. de Rivadeneira, 1915.
561 _aDonadas junto con la memoria manuscrita a la Academia por el mismo Baraibar (Sesión 12 de febrero de 1912, Archivo: 4-32-1)
610 2 7 _aSantuario de Santa María de Estíbaliz (
_cÁlava, España)
_927018
651 7 _aÁlava
_2embne
_975661
655 0 _aFotografías de monumentos
_9111580
700 1 _aBaráibar y Zumárraga, Federico
_d(1851-1918)
_912926
852 _jFot-168
856 _3Fot-168
_uhttps://archivoybiblioteca.realacademiabellasartessanfernando.com/cgi-bin/koha/opac-retrieve-file.pl?id=7d7bab8ab36077bc4b7189de5c780d99
942 _2ddc
_cFOTOGRAFÍA
_n0
999 _c84438
_d84438